000
nam a22 7a 4500
999
_c
234864
_d
234864
003
Nust
005
20170331123252.0
008
170331b xxu||||| |||| 00| 0 eng d
022
_2
978-8120-34104-3
040
_c
DLC
082
_a
624.1821 SHI
100
_4
Shiyekar, M. R.
245
_a
Limit State Design in Structural Steel
942
_2
ddc
_c
BK